| 000 | 00399nam a22001457a 4500 | ||
|---|---|---|---|
| 999 |
_c8683 _d8683 |
||
| 003 | OSt | ||
| 008 | 200702b ||||| |||| 00| 0 eng d | ||
| 100 | _aS. B. Gokhale, M. S. Tare, S. N. Kothawade | ||
| 245 | _aPharmaceutics - I | ||
| 250 | _a2nd | ||
| 260 |
_aNew Delhi _bNirali Prakashan _c2019 |
||
| 300 | _aMISC | ||
| 650 | _aPharmaceutics (Dispensing and General Pharmacy) | ||
| 942 |
_2ddc _cBK _025 |
||